|
|
|
|
| LEADER |
00000cam a2200000 4500 |
| 001 |
vtls012020673 |
| 003 |
SK-MaSNL |
| 005 |
20260301220003.0 |
| 008 |
210406s2020 xo frn 000 0 slo |
| 015 |
|
|
|a SNBA2022/04
|
| 020 |
|
|
|a 9788055526447
|q (brožované)
|
| 040 |
|
|
|a SNK
|b slo
|c SNK
|e rda
|
| 041 |
0 |
|
|a slo
|
| 043 |
|
|
|a e-xo---
|
| 044 |
|
|
|a xo
|c SK
|
| 072 |
|
7 |
|a 27-5
|x Liturgia. Kresťanské umenie a symbolika. Duchovný život
|2 konspekt
|
| 080 |
|
|
|a 271-528.8(=16)
|2 2011
|
| 080 |
|
|
|a 27-528.8
|2 2011
|
| 080 |
|
|
|a 27-536
|2 2011
|
| 080 |
|
|
|a 27-522
|2 2011
|
| 080 |
|
|
|a 271-528
|2 2011
|
| 080 |
|
|
|a 27-526
|2 2011
|
| 080 |
|
|
|a 27-282.7
|2 2011
|
| 080 |
|
|
|a (048.8)
|2 2011
|
| 100 |
1 |
|
|a Boháč, Vojtech,
|d 1950-
|4 aut
|9 101029
|
| 245 |
1 |
0 |
|a Sväté miesta, znaky, predmety a odevy v byzantskom obrade
|c Vojtech Boháč
|
| 246 |
1 |
4 |
|a Sväté miesta, znaky, predmety a odevy v byzantskej liturgii
|
| 264 |
|
1 |
|a Prešov
|b Vydavateľstvo Prešovskej univerzity
|c 2020
|
| 300 |
|
|
|a 139 strán
|c 21 cm
|
| 336 |
|
|
|a text
|b txt
|2 rdacontent
|
| 337 |
|
|
|a bez média
|b n
|2 rdamedia
|
| 338 |
|
|
|a zväzok
|b nc
|2 rdacarrier
|
| 500 |
|
|
|a Obsahuje erratu
|
| 504 |
|
|
|a Bibliografia na strane 139, bibliografické odkazy
|
| 610 |
2 |
7 |
|a Gréckokatolícka cirkev
|2 SNKKA
|9 32576
|
| 650 |
0 |
7 |
|a gréckokatolícka liturgia
|2 SNKPH
|9 69403
|
| 650 |
0 |
7 |
|a byzantský rítus
|2 SNKPH
|9 49897
|
| 650 |
0 |
7 |
|a liturgická symbolika
|2 SNKPH
|9 1944
|
| 650 |
0 |
7 |
|a posvätné miesta
|2 SNKPH
|9 83573
|
| 650 |
0 |
7 |
|a východná kresťanská liturgia
|2 SNKPH
|9 79146
|
| 650 |
0 |
7 |
|a liturgické predmety
|2 SNKPH
|9 666
|
| 650 |
0 |
7 |
|a liturgické odevy
|2 SNKPH
|9 606519
|
| 650 |
0 |
7 |
|a liturgické knihy
|2 SNKPH
|9 1935
|
| 650 |
0 |
7 |
|a Greek Catholic liturgy
|2 SNKPHeng
|9 265838
|
| 650 |
0 |
7 |
|a Eastern Christian liturgy
|2 SNKPHeng
|9 339450
|
| 650 |
0 |
7 |
|a Byzantine rite
|2 SNKPHeng
|9 323190
|
| 650 |
0 |
7 |
|a Liturgical symbolism
|2 SNKPHeng
|9 489106
|
| 650 |
0 |
7 |
|a Holy places
|2 SNKPHeng
|9 328709
|
| 650 |
0 |
7 |
|a Liturgical objects
|2 SNKPHeng
|9 471225
|
| 650 |
0 |
7 |
|a Liturgical books
|2 SNKPHeng
|9 344247
|
| 655 |
|
7 |
|a monografie
|2 SNKPH
|9 70139
|
| 655 |
|
7 |
|a Monographs
|2 SNKPHeng
|9 120675
|
| 919 |
|
|
|a 978-80-555-2644-7
|
| 958 |
|
|
|a NB
|
| 958 |
|
|
|a NT
|
| 999 |
|
|
|c 930202
|d 932132
|
| 952 |
|
|
|a SNK
|b SNK
|y PREZ
|7 0
|p 17A1479399
|o snkSC 196369
|i snk2022/2828
|8 0
|0 0
|1 0
|4 0
|d 2022-02-24
|f 1
|l 0
|r 2025-10-16 00:00:00
|w 2026-02-24
|
| 952 |
|
|
|a SNK
|b SNK
|y VYP
|7 0
|p 17A1479400
|o snkSC 196369 D1
|i snk2022/2829
|8 0
|0 0
|1 0
|4 0
|d 2022-02-24
|l 0
|r 2026-02-24 08:45:58
|w 2026-02-24
|